Southville International School and Colleges
Your cart is empty.
  • Cart
  • Lists
    Public lists Eva Luna New books Lux_list list_1
    Your lists Log in to create your own lists
  • Log in to your account
  • Your cookies
  • Search history
Southville International School and Colleges
  • Advanced search
  • Recent comments
  • Most popular
  • Libraries

Log in to your account

Log in with GOOGLE


If you do not have an external account, but do have a local account, you can still log in:

  1. Home
  2. MARC view: Jesse /
Normal view MARC view ISBD view

Jesse / (Record no. 35072)

[ view plain ]
MARC details
000 -LEADER
fixed length control field 00510nam a22002057a 4500
003 - CONTROL NUMBER IDENTIFIER
control field OSt
005 - DATE AND TIME OF LATEST TRANSACTION
control field 20140310184523.0
008 - FIXED-LENGTH DATA ELEMENTS--GENERAL INFORMATION
fixed length control field 131017t xxu||||| |||| 00| 0 eng d
020 ## - INTERNATIONAL STANDARD BOOK NUMBER
International Standard Book Number 0590528378
022 ## - INTERNATIONAL STANDARD SERIAL NUMBER
International Standard Serial Number 9780590528375
050 ## - LIBRARY OF CONGRESS CALL NUMBER
Classification number PZ 7
Item number .So7242Je 1996
100 ## - MAIN ENTRY--PERSONAL NAME
Personal name Soto, Gary.
9 (RLIN) 19204
245 ## - TITLE STATEMENT
Title Jesse /
Statement of responsibility, etc by Gary Soto ;
260 ## - PUBLICATION, DISTRIBUTION, ETC. (IMPRINT)
Place of publication, distribution, etc New York ;
Name of publisher, distributor, etc Scholastic Inc.,
Date of publication, distribution, etc 1996.
300 ## - PHYSICAL DESCRIPTION
Extent 166 p. :
Other physical details ill. ;
Dimensions 18 cm.
521 ## - TARGET AUDIENCE NOTE
Target audience note
526 ## - STUDY PROGRAM INFORMATION NOTE
Reading level 900
942 ## - ADDED ENTRY ELEMENTS (KOHA)
Source of classification or shelving scheme Library of Congress Classification
Koha item type
Holdings
Withdrawn status Lost status Source of classification or shelving scheme Damaged status Home library Current library Shelving location Date acquired Total Checkouts Full call number Barcode Date last seen Copy number Price effective from Koha item type
    Library of Congress Classification   Luxembourg Library Luxembourg Library Scholastic Reading Center Section 10/17/2013   PZ 7 .So7242Je 1996 LEX0997 10/17/2013 1 10/17/2013 Books

Jesse /

APA

Soto G., . (1996). Jesse. New York: Scholastic Inc.

Chicago

Soto Gary, . 1996. Jesse. New York: Scholastic Inc.

Harvard

Soto G., . (1996). Jesse. New York: Scholastic Inc.

MLA

Soto Gary, . Jesse. New York: Scholastic Inc. 1996.

  • Place hold
  • Print
  • Cite
  • Add to your cart (remove)
  • Save record
    BIBTEX Dublin Core MARCXML MARC (non-Unicode/MARC-8) MARC (Unicode/UTF-8) MARC (Unicode/UTF-8, Standard) MODS (XML) RIS
  • More searches
    Search for this title in:
    Other Libraries (WorldCat) Other Databases (Google Scholar) Online Stores (Bookfinder.com) Open Library (openlibrary.org)

Exporting to Dublin Core...

SOUTHVILLE LIBRARY

Southville International School and Colleges Library

1281 Tropical Ave. Cor. Luxembourg St., BF Homes International, Las Pinas City

Tel. No. 8256374 / 252358 Loc. 117/146

Powered by Koha